00365nam a2200121Ia 4500008004100000082001800041100001600059245003700075260005100112365000600163630003700169730003700206100415s9999 xx 000 0 und d b6117a799(54) aHorne W.O. aWork and Sport in the Old I.C.S. aEDINBURGHc1928bWILLIAM BLACKWOOD & SONS LTD. b0 aWork and Sport in the Old I.C.S. aWork and Sport in the Old I.C.S.